<?xml version="1.0" encoding="UTF-8"?><?xml-stylesheet type="text/xsl" href="static/style.xsl"?><OAI-PMH xmlns="http://www.openarchives.org/OAI/2.0/" xmlns:xsi="http://www.w3.org/2001/XMLSchema-instance" xsi:schemaLocation="http://www.openarchives.org/OAI/2.0/ http://www.openarchives.org/OAI/2.0/OAI-PMH.xsd"><responseDate>2026-06-07T05:14:26Z</responseDate><request verb="GetRecord" identifier="oai:riuma.uma.es:10630/37876" metadataPrefix="marc">https://riuma.uma.es/rest/oai/request</request><GetRecord><record><header><identifier>oai:riuma.uma.es:10630/37876</identifier><datestamp>2026-02-03T12:13:58Z</datestamp><setSpec>com_10630_2254</setSpec><setSpec>col_10630_37959</setSpec></header><metadata><record xmlns="http://www.loc.gov/MARC21/slim" xmlns:dcterms="http://purl.org/dc/terms/" xmlns:doc="http://www.lyncode.com/xoai" xmlns:xsi="http://www.w3.org/2001/XMLSchema-instance" xsi:schemaLocation="http://www.loc.gov/MARC21/slim http://www.loc.gov/standards/marcxml/schema/MARC21slim.xsd">
   <leader>00925njm 22002777a 4500</leader>
   <datafield ind2=" " ind1=" " tag="042">
      <subfield code="a">dc</subfield>
   </datafield>
   <datafield ind2=" " ind1=" " tag="720">
      <subfield code="a">Muñoz-García, Marina</subfield>
      <subfield code="e">author</subfield>
   </datafield>
   <datafield ind2=" " ind1=" " tag="720">
      <subfield code="a">De Gálvez-Montañez, Enrique</subfield>
      <subfield code="e">author</subfield>
   </datafield>
   <datafield ind2=" " ind1=" " tag="720">
      <subfield code="a">Ruiz-Mata, Rocío</subfield>
      <subfield code="e">author</subfield>
   </datafield>
   <datafield ind2=" " ind1=" " tag="720">
      <subfield code="a">Trigo-Pérez, María del Mar</subfield>
      <subfield code="e">author</subfield>
   </datafield>
   <datafield ind2=" " ind1=" " tag="720">
      <subfield code="a">Recio-Criado, María Marta</subfield>
      <subfield code="e">author</subfield>
   </datafield>
   <datafield ind2=" " ind1=" " tag="720">
      <subfield code="a">Picornell Rodríguez, Antonio</subfield>
      <subfield code="e">author</subfield>
   </datafield>
   <datafield ind2=" " ind1=" " tag="260">
      <subfield code="c">2024</subfield>
   </datafield>
   <datafield ind2=" " ind1=" " tag="520">
      <subfield code="a">The monitoring was carried out using a Hirst-type volumetric pollen trap situated at seven sampling locations within Malaga city. he pollen trap was placed in each location for two hours. Fungal spores were identified and counted, and their relative abundance was calculated. For each sampling location, the Shannon H index was calculated to determine the spore diversity.&#xd;
The results revealed an overall higher relative abundance of the spore types Cladosporium cladosporioides (Fresen.) G.A. de Vries, Cladosporium herbarum (Pers.) Link, Coprinus Pers., 1797, Aspergillaceae, Alternaria Nees, Dreschlera S.Ito, 1930 and Myxomycetes. A greater diversity was observed in the locations that combined extensive green areas and densely populated neighborhoods. One of the sampling points (i.e., Camino de San Rafael) presented a slightly higher spore diversity due to the greater heterogeneity of its surroundings, combining the presence of green areas, densely populated areas, industrial estates and wastelands. Minority spore types were identified in some locations, which have not been found in the rest of the locations, such as Arthrinium Kunze, 1817, Botrytis P.Micheli, 1729, Curvularia Boedijn, Erysiphe R.Hedw. ex DC., 1805 and Spondycladiella.&#xd;
Conclusions. The variation in the abundance of fungal spores in the atmosphere of Malaga may be a function of land use, which highlights the relevance of urban planning in the prevention of respiratory allergies and, thus, in promoting healthier and more sustainable urban environments. In addition, these results bring to the fore the importance of monitoring airborne spores in different parts of the cities. Future research is required to assess the impacts of microclimatic conditions on fungal spore dynamics.</subfield>
   </datafield>
   <datafield ind1="8" ind2=" " tag="024">
      <subfield code="a">Muñoz-García, M., de Gálvez, E., Ruiz-Mata, R., Trigo, M.M., Recio, M. &amp; Picornell, A. (2024). Variations in the fungal spore detection within urban environments. In: Sánchez Reyes, E. &amp; Rodríguez de la Cruz, D. (Eds). 2024. Mediterranean Palynology Symposium. Abstract Book, p. 102. Salamanca, Spain. DOI: 10.5281/zenodo.12731139</subfield>
   </datafield>
   <datafield ind1="8" ind2=" " tag="024">
      <subfield code="a">https://hdl.handle.net/10630/37876</subfield>
   </datafield>
   <datafield tag="653" ind2=" " ind1=" ">
      <subfield code="a">Microbiología del aire</subfield>
   </datafield>
   <datafield tag="653" ind2=" " ind1=" ">
      <subfield code="a">Hongos - Esporas</subfield>
   </datafield>
   <datafield ind2="0" ind1="0" tag="245">
      <subfield code="a">Variations in the fungal spore detection within urban environments.</subfield>
   </datafield>
</record>
</metadata></record></GetRecord></OAI-PMH>